|
|
|
|
| LEADER |
00000cam a2200000 7i4500 |
| 001 |
0000038508 |
| 005 |
20131114.0 |
| 008 |
131114 |
| 020 |
|
|
|a 9675552069
|
| 090 |
0 |
0 |
|a 306.4709595
|b GAG
|
| 110 |
0 |
|
|a Jabatan Kebudayaan & Kesenian Negara
|
| 245 |
1 |
0 |
|a Gagasan 1 Malaysia melalui landasan seni & budaya
|
| 260 |
|
|
|a KL :
|b JKKN ,
|c 2010
|
| 650 |
|
0 |
|a Arts, Malaysian
|
| 650 |
|
0 |
|a Malaysia
|x Politics and government
|
| 650 |
|
0 |
|a Malaysia
|x Social life and customs
|
| 999 |
|
|
|a 0001249328
|b Book
|c Adult Collection
|e Cawangan Urban Transformation Centre
|
| 999 |
|
|
|a 0001261020
|b Book
|c Adult Collection
|e Cawangan Mersing
|
| 999 |
|
|
|a 0001261022
|b Book
|c Adult Collection
|e Cawangan Bandar Tenggara
|
| 999 |
|
|
|a 0001261023
|b Book
|c Adult Collection
|e Cawangan Muar
|
| 999 |
|
|
|a 0001261025
|b Book
|c Adult Collection
|e Cawangan Taman Sri Lambak
|
| 999 |
|
|
|a 0001261029
|b Book
|c Adult Collection
|e Cawangan Tmn. Ungku Tun Aminah
|
| 999 |
|
|
|a 0001261761
|b Book
|c Adult Collection
|e Perbadanan Perpustakaan Awam Johor
|